Logo

Description automatically generated
विद्यार्जन
 संसाधन केंद्र, भारतीय प्रौद्योगिकी संस्थान इन्दौर
Learning Resource Center, Indian Institute of Technology Indore

ऑनलाइन सार्वजनिक अभिगम प्रसूची
Online Public Access Catalogue (OPAC)

In search of a character: two African journals (Record no. 57379)

MARC details
000 -LEADER
fixed length control field 00683nam a2200217Ia 4500
005 - DATE AND TIME OF LATEST TRANSACTION
control field 20260704175958.0
008 - FIXED-LENGTH DATA ELEMENTS--GENERAL INFORMATION
fixed length control field 260704s9999||||xx |||||||||||||| ||und||
020 ## - INTERNATIONAL STANDARD BOOK NUMBER
International Standard Book Number 099284243
Qualifying information pbk
020 ## - INTERNATIONAL STANDARD BOOK NUMBER
International Standard Book Number 9780099284246
Qualifying information pbk
082 ## - DEWEY DECIMAL CLASSIFICATION NUMBER
Classification number 916.603
Item number GRE
100 ## - MAIN ENTRY--PERSONAL NAME
Personal name Greene, Graham
245 #0 - TITLE STATEMENT
Title In search of a character: two African journals
260 ## - PUBLICATION, DISTRIBUTION, ETC.
Place of publication, distribution, etc. London
Name of publisher, distributor, etc. Vintage / Random House
Date of publication, distribution, etc. 2000
300 ## - PHYSICAL DESCRIPTION
Extent 123p. ; 20cm.
490 ## - SERIES STATEMENT
Series statement Vintage classics
653 ## - INDEX TERM--UNCONTROLLED
Uncontrolled term Africa, West--Description and travel
653 ## - INDEX TERM--UNCONTROLLED
Uncontrolled term Greene, Graham, 1904-1991--Diaries
653 ## - INDEX TERM--UNCONTROLLED
Uncontrolled term Novelists, English--20th century--Diaries
653 ## - INDEX TERM--UNCONTROLLED
Uncontrolled term Novelists, English--20th century--Diaries
942 ## - ADDED ENTRY ELEMENTS (KOHA)
Koha item type Book
Holdings
Withdrawn status Lost status Damaged status Not for loan Home library Current library Shelving location Date acquired Source of acquisition Total Checkouts Full call number Barcode Date last seen Price effective from Koha item type
        LRC, IIT Indore LRC, IIT Indore 2nd Floor - General Stack 04/07/2026 Gratis Book Price: GBP 6.99   916.603 GRE G2604 04/07/2026 04/07/2026 Book
Copyright © 2017-2026 Indian Institute of Technology Indore. All Rights Reserved.
Managed & maintained by Learning Resource Center, IIT Indore